• 首页
  • 本馆介绍
  • 公告通知
  • 最新文献
  • 馆藏检索
  • 电子资源
  • 读者导购
  • 参考咨询
  • 我的图书馆
  • 登录
  • 详细信息显示
  • 放入我的书架
  • 预约/预借图书
  • 作者相关作品
  • 分类相关作品
  • 丛书相关作品
  • 出版社相关作品

书目信息

  • 表格格式
  • 工作单格式
  • 卡片格式
题名:
汽车声品质有源控制方法
    
 
作者: 聂永红 , 史春雪 , 向阳辉 辉著
分册:  
出版信息: 西安   西安交通大学出版社  2018.6
页数: 154页
开本: 26cm
丛书名:
单 册:
中图分类: U467.4
科图分类:
主题词: 汽车--噪音控制
电子资源:
ISBN: 978-7-5693-0705-4
000 01080nam0 2200241 450
001 5074
005 20181014092949.71
010    @a978-7-5693-0705-4@dCNY68.00
100    @a20180629d2018 em y0chiy0110 ea
101 0  @achi
102    @aCN@b610000
105    @ay z 000yy
200 1  @a汽车声品质有源控制方法@9qi che sheng pin zhi you yuan kong zhi fang fa@f聂永红,史春雪,向阳辉著
210    @a西安@c西安交通大学出版社@d2018.6
215    @a154页@d26cm
330    @a本书着重阐述声品质有源控制相关的算法、模型及其在汽车声品质控制方面的应用,旨在将声品质与有源控制这两者结合起来,在设计有源噪声控制系统时考虑各种声品质评价方法对控制系统降噪效果的影响,以降低车内乘客主观感受到的噪声大小、提升汽车产品品质。具体包括以下几个方面的内容:考虑声品质的有源噪声控制系统残差滤波器设计方法研究;基于经验模态分解与响度控制的有源噪声控制方法研究。
606 0  @a汽车@x噪音控制
690    @aU467.4@v5
701  0 @a聂永红@9nie yong hong@4辉著
701  0 @a史春雪@9shi chun xue@4辉著
701  0 @a向阳辉@9xiang yang hui@4著
801  0 @aCN@b91CIP@c20180629
905    @aMuseLib@dU467.4@e779
    
    汽车声品质有源控制方法/聂永红,史春雪,向阳辉著.-西安:西安交通大学出版社,2018.6
    154页;26cm
    
    
    ISBN 978-7-5693-0705-4:CNY68.00
    本书着重阐述声品质有源控制相关的算法、模型及其在汽车声品质控制方面的应用,旨在将声品质与有源控制这两者结合起来,在设计有源噪声控制系统时考虑各种声品质评价方法对控制系统降噪效果的影响,以降低车内乘客主观感受到的噪声大小、提升汽车产品品质。具体包括以下几个方面的内容:考虑声品质的有源噪声控制系统残差滤波器设计方法研究;基于经验模态分解与响度控制的有源噪声控制方法研究。
●
相关链接 在E读中查询图书 在五车中查询图书 在当当中查询图书 在豆瓣中查询图书


正题名:汽车声品质有源控制方法     索取号:U467.4/779         预约/预借

序号 登录号 条形码 馆藏地/架位号 状态 备注
1 1127999   211279999   第二样本阅览室/ [索取号:U467.4/779] 在馆    
2 1128000   211280004   第三借阅区/ [索取号:U467.4/779] 在馆    
3 1128001   211280013   第三借阅区/ [索取号:U467.4/779] 在馆    
4 1128002   211280022   第三借阅区/ [索取号:U467.4/779] 在馆    
5 1128003   211280031   密集书库-物理学院/ [索取号:U467.4/779] 在馆    
唐山师范学院图书馆 欢迎您!
大连网信软件有限公司© 版权所有